Les prisonniers de guerre dans les conflits contemporains (notice n° 1779148)
[ vue normale ]
| 000 -LEADER | |
|---|---|
| fixed length control field | 01484cam a2200229 4500500 |
| 005 - DATE AND TIME OF LATEST TRANSACTION | |
| control field | 20260322013232.0 |
| 041 ## - LANGUAGE CODE | |
| Language code of text/sound track or separate title | fre |
| 042 ## - AUTHENTICATION CODE | |
| Authentication code | dc |
| 100 10 - MAIN ENTRY--PERSONAL NAME | |
| Personal name | Blanchard, Antoine |
| Relator term | author |
| 245 00 - TITLE STATEMENT | |
| Title | Les prisonniers de guerre dans les conflits contemporains |
| 260 ## - PUBLICATION, DISTRIBUTION, ETC. | |
| Date of publication, distribution, etc. | 2026.<br/> |
| 500 ## - GENERAL NOTE | |
| General note | 7 |
| 520 ## - SUMMARY, ETC. | |
| Summary, etc. | La question des prisonniers de guerre était devenue secondaire en l’absence de véritables conflits entre États. Avec la guerre en Ukraine et le risque de combats de haute intensité, le sujet est redevenu d’actualité et oblige à revoir son environnement juridique autour des Conventions de Genève. Un ajustement législatif est aujourd’hui nécessaire pour renforcer ce statut qui avait été un peu oublié. |
| 520 ## - SUMMARY, ETC. | |
| Summary, etc. | In the absence of any real conflict between states, prisoners of war (PoW) had become a secondary issue; yet with the war in Ukraine and the risk of high-intensity combat the subject is once again under the spotlight and calls for a revision of the legal aspect of PoW status within the Geneva Conventions. Legislative change is now needed to reinforce that somewhat neglected status. |
| 690 ## - LOCAL SUBJECT ADDED ENTRY--TOPICAL TERM (OCLC, RLIN) | |
| Topical term or geographic name as entry element | combattant |
| 690 ## - LOCAL SUBJECT ADDED ENTRY--TOPICAL TERM (OCLC, RLIN) | |
| Topical term or geographic name as entry element | Convention de Genève |
| 690 ## - LOCAL SUBJECT ADDED ENTRY--TOPICAL TERM (OCLC, RLIN) | |
| Topical term or geographic name as entry element | DIH |
| 690 ## - LOCAL SUBJECT ADDED ENTRY--TOPICAL TERM (OCLC, RLIN) | |
| Topical term or geographic name as entry element | internement |
| 690 ## - LOCAL SUBJECT ADDED ENTRY--TOPICAL TERM (OCLC, RLIN) | |
| Topical term or geographic name as entry element | Prisonnier de guerre |
| 786 0# - DATA SOURCE ENTRY | |
| Note | Revue Défense Nationale | 887 | 2 | 2026-02-23 | p. 103-108 | 2105-7508 |
| 856 41 - ELECTRONIC LOCATION AND ACCESS | |
| Uniform Resource Identifier | <a href="https://shs.cairn.info/revue-revue-defense-nationale-2026-2-page-103?lang=fr&redirect-ssocas=7080">https://shs.cairn.info/revue-revue-defense-nationale-2026-2-page-103?lang=fr&redirect-ssocas=7080</a> |
Pas d'exemplaire disponible.




Réseaux sociaux